| 000 | 00387nam a2200121Ia 4500 | ||
|---|---|---|---|
| 008 | 231228s2006 xx 000 0 und d | ||
| 041 | _aeng | ||
| 082 |
_a651.7 _bSCH |
||
| 100 | _aSCHULTZ (Heidi) | ||
| 245 | _aBusiness Scenarios: A Context-Based Approach to Business Communication | ||
| 260 |
_aNew Delhi _bTata McGraw-Hil Publication Company Limited . Delhi _c2006 |
||
| 300 | _aix, 142 | ||
| 999 |
_c1090923 _d1090923 |
||